000 00478nam a2200181Ia 4500
001 11393
005 20260306162825.0
008 260306t2021||||xx |||||||||||||| ||spa||
041 _aESP
082 _a985.04
_bM61
110 _aMinisterio de Cultura del Perú
245 0 _a200 años despues :
_blos escolares preguntan, los historiadores responden
260 _c2021
300 _a165 páginas :
_c24 cm.
650 _aGEN
654 _aCHU
942 _cLIB
_dJUS
_fJUS
_2ddc
_n
999 _c11393
_d11393